• 首页
  • 本馆介绍
  • 公告通知
  • 最新文献
  • 馆藏检索
  • 电子资源
  • 读者导购
  • 参考咨询
  • 我的图书馆
  • 登录
  • 详细信息显示
  • 放入我的书架
  • 预约/预借图书
  • 作者相关作品
  • 分类相关作品
  • 丛书相关作品
  • 出版社相关作品

书目信息

  • 表格格式
  • 工作单格式
  • 卡片格式
题名:
委内瑞拉
    
 
作者: 焦震衡 编著
分册:  
出版信息: 北京   社会科学文献出版社  2005
页数: 318页
开本: 21cm
丛书名: 列国志
单 册:
中图分类: K774
科图分类:
主题词: 南美洲--历史
电子资源:
ISBN: 7-80190-753-1
000 01255nam0 2200349 450
000 01218nam0 2200337 450
000 01164nam0 2200325 450
000 01110nam0 2200301 450
000 01128nam0 2200289 450
000 01091nam0 2200277 45
001 TS2006039604
005 20070113081719.37
010    @a7-80190-753-1@dCNY25.00
100    @a20060829d2005 ekmy0chiy0120 ea
101 0  @achi
102    @aCN@b110000
105    @aa z 000yy
200 1  @a委内瑞拉@AWei Nei Rui La@f焦震衡编著@FJiao Zhen Heng Bian Zhu
210    @a北京@c社会科学文献出版社@d2005
215    @a318页@c照片@d21cm
225 2  @a列国志
330    @a委内瑞拉位于南美洲北部,北临加勒比海,东与圭亚那、南与巴西、西和西北与哥伦比亚接壤。委内瑞拉风光秀丽、景色独特,是世界上生态环境最多样、复杂的国家之一。历史上曾是“拉美革命的摇篮”,民族独立运动著名领袖西蒙·玻利瓦尔就诞在这个美丽的国家。
410  0 @12001 @a列国志
510 1  @aVenzuela
606 0  @a南美洲@x历史
607    @a委内瑞拉@x概况
690    @aK774@v4
701  0 @a焦震衡@AJiao Zhen Heng@4编著
801    @aCN@b中图数据@c20070113
905    @a10447@dK774@e8
    
    委内瑞拉/焦震衡编著.-北京:社会科学文献出版社,2005
    318页:照片;21cm.-(列国志)
    
    
    ISBN 7-80190-753-1:CNY25.00
    委内瑞拉位于南美洲北部,北临加勒比海,东与圭亚那、南与巴西、西和西北与哥伦比亚接壤。委内瑞拉风光秀丽、景色独特,是世界上生态环境最多样、复杂的国家之一。历史上曾是“拉美革命的摇篮”,民族独立运动著名领袖西蒙·玻利瓦尔就诞在这个美丽的国家。
●
相关链接 在E读中查询图书 在五车中查询图书 在当当中查询图书 在豆瓣中查询图书


正题名:委内瑞拉     索取号:K774/8         预约/预借

序号 登录号 条形码 馆藏地/架位号 状态 备注
1 0616699   206166995   第二样本阅览室/ [索取号:K774/8] 在馆    
2 0616700   206167002   第二借阅区/ [索取号:K774/8] 在馆    
3 0616701   206167011   第二借阅区/ [索取号:K774/8] 在馆    
4 0616702   206167020   第二借阅区/ [索取号:K774/8] 在馆    
5 0616703   206167039   第二借阅区/ [索取号:K774/8] 在馆    
唐山师范学院图书馆 欢迎您!
大连网信软件有限公司© 版权所有